[Event "SA Championship"]
[Site "Adelaide"]
[Date "2009.03.10"]
[Round "5.5"]
[White "Hoile, Robert"]
[Black "Sykes, Alexander"]
[Result "1/2-1/2"]
[WhiteElo "1845"]
[BlackElo "1893"]
[PlyCount "66"]
[EventDate "2009.02.10"]
[EventType "tourn"]
[EventRounds "9"]
[EventCountry "AUS"]

1. d4 Nf6 2. Nc3 d6 3. e4 g6 4. Be3 c6 5. h3 Qa5 6. Bd3 b5 7. Qd2 Bg7 8. Bh6
O-O 9. Nf3 Bb7 10. O-O b4 11. Ne2 c5 12. Bxg7 Kxg7 13. Ng3 c4 14. Bxc4 Nxe4 15.
Nxe4 Bxe4 16. Ng5 Bd5 17. Bxd5 Qxd5 18. Nf3 Nc6 19. a3 a5 20. Qd3 e5 21. Rfe1
f6 22. c4 bxc3 23. bxc3 exd4 24. Nxd4 Nxd4 25. cxd4 Rab8 26. Rab1 Kh6 27. Rxb8
Rxb8 28. Qe3+ g5 29. h4 Qf5 30. hxg5+ fxg5 31. Qe6+ Qxe6 32. Rxe6+ Kh5 33. Rxd6
Rb3 1/2-1/2

[Event "SA Championship"]
[Site "Adelaide"]
[Date "2009.03.17"]
[Round "6.1"]
[White "Mdinaradze, Edgar"]
[Black "Sykes, Alexander"]
[Result "1/2-1/2"]
[WhiteElo "1896"]
[BlackElo "1893"]
[PlyCount "154"]
[EventDate "2009.02.10"]
[EventType "tourn"]
[EventRounds "9"]
[EventCountry "AUS"]

1. d4 Nf6 2. c4 g6 3. Nc3 d5 4. Nf3 Bg7 5. e3 O-O 6. Be2 c5 7. cxd5 Nxd5 8. O-O
cxd4 9. exd4 Nc6 10. Qb3 Nxc3 11. bxc3 Na5 12. Qb4 h6 13. Bf4 Be6 14. Ne5 Rc8
15. Rfd1 g5 16. Bg3 f5 17. f4 Bd5 18. c4 Be4 19. Rac1 e6 20. Bf3 Bxf3 21. gxf3
Re8 22. Kg2 b6 23. Qb5 Qe7 24. c5 Qd8 25. Be1 gxf4 26. Bxa5 bxa5 27. Kh1 Rc7
28. Rg1 Kh7 29. c6 Qxd4 30. Nd7 Qe3 31. Rcf1 Rec8 32. Rxg7+ Kxg7 33. Qb2+ e5
34. Nxe5 Kh7 35. Qb5 Rg7 36. Nd7 Kh8 37. Qxf5 Qe2 38. Qh3 Rxc6 39. Rb1 Qe6 40.
Rb8+ Rg8 41. Rxg8+ Qxg8 42. Qf1 Rc2 43. Ne5 Qxa2 44. Qg1 Qg8 45. Ng4 Qc8 46.
Qd4+ Kh7 47. Qe4+ Kg7 48. Qe5+ Kf8 49. Qxf4+ Ke7 50. Qe4+ Kd6 51. Qd3+ Ke6 52.
Qg6+ Ke7 53. Qh7+ Ke6 54. Qxh6+ Ke7 55. Qf6+ Ke8 56. Qg6+ Ke7 57. Qe4+ Kf8 58.
Qf4+ Ke7 59. Qg5+ Kd6 60. Qg6+ Ke7 61. Qf6+ Ke8 62. Qh8+ Ke7 63. Qg7+ Kd6 64.
Ne3 Rc1+ 65. Kg2 Kc6 66. Qb2 Rc5 67. Qf6+ Kb5 68. Qb2+ Kc6 69. Qb3 Qc7 70. h4
Qg7+ 71. Ng4 Qg6 72. Kh3 Qf5 73. Kg3 Qc2 74. Qb8 Qc3 75. Qxa7 Qe1+ 76. Kh3 Qf1+
77. Kg3 Qe1+ 1/2-1/2

[Event "SA Championship"]
[Site "Adelaide"]
[Date "2009.03.17"]
[Round "6.2"]
[White "Searle, Zachary"]
[Black "Hoile, Robert"]
[Result "1-0"]
[WhiteElo "1692"]
[BlackElo "1845"]
[PlyCount "63"]
[EventDate "2009.02.10"]
[EventType "tourn"]
[EventRounds "9"]
[EventCountry "AUS"]

1. e4 c5 2. Nf3 d6 3. d4 cxd4 4. Nxd4 Nf6 5. Nc3 a6 6. Bg5 e6 7. f4 Qb6 8. Qd2
Qxb2 9. Nb3 Qa3 10. Be2 Be7 11. O-O O-O 12. Kh1 h6 13. Bxh6 gxh6 14. e5 Nh7 15.
Bd3 f5 16. exf6 Bxf6 17. Rf3 Rf7 18. f5 Ng5 19. Rg3 Rg7 20. Re1 Be5 21. Rxe5
dxe5 22. f6 Rf7 23. Ne4 Nd7 24. Nxg5 Rxf6 25. Nxe6+ Kf7 26. Bc4 b5 27. Rg7+ Ke8
28. Rg8+ Ke7 29. Rg7+ Ke8 30. Nbc5 bxc4 31. Qd1 Ra7 32. Qh5+ 1-0

[Event "SA Championship"]
[Site "Adelaide"]
[Date "2009.03.17"]
[Round "6.3"]
[White "Milton, Anthony"]
[Black "Cowley, Robert"]
[Result "0-1"]
[WhiteElo "1702"]
[BlackElo "1998"]
[PlyCount "74"]
[EventDate "2009.02.10"]
[EventType "tourn"]
[EventRounds "9"]
[EventCountry "AUS"]

1. d4 d5 2. c4 dxc4 3. Nf3 Nf6 4. Nc3 c6 5. Bg5 b5 6. Bxf6 exf6 7. e4 Bb4 8. g3
O-O 9. Bg2 Nd7 10. O-O Nb6 11. Ne1 Qc7 12. f4 f5 13. e5 Be6 14. Qc2 Rad8 15.
Nf3 g6 16. a3 Be7 17. Rad1 Nd5 18. Rfe1 Nxc3 19. Qxc3 Bd5 20. Re2 c5 21. Kf1
Bxf3 22. Bxf3 cxd4 23. Rxd4 Rxd4 24. Qxd4 Bc5 25. Qc3 Bb6 26. Bd5 Qc5 27. Rd2
Rd8 28. Qf3 Kf8 29. Qg2 Qe3 30. Rd1 a5 31. h4 b4 32. axb4 axb4 33. h5 c3 34.
bxc3 bxc3 35. Bb3 Rxd1+ 36. Bxd1 gxh5 37. Bc2 Qc1+ 0-1

[Event "SA Championship"]
[Site "Adelaide"]
[Date "2009.03.17"]
[Round "6.4"]
[White "Zulfic, Fedja"]
[Black "Cloudsdale, Colin"]
[Result "1/2-1/2"]
[WhiteElo "1964"]
[BlackElo "1932"]
[PlyCount "57"]
[EventDate "2009.02.10"]
[EventType "tourn"]
[EventRounds "9"]
[EventCountry "AUS"]

1. d4 Nf6 2. Nf3 g6 3. c4 Bg7 4. Nc3 O-O 5. e4 d6 6. Be3 e5 7. dxe5 Ng4 8. Bg5
f6 9. exf6 Bxf6 10. Bxf6 Qxf6 11. Be2 Ne5 12. O-O Bg4 13. Nd5 Qg7 14. Nxe5 Bxe2
15. Qxe2 dxe5 16. Ne3 Nc6 17. Nc2 Rf7 18. Rad1 Raf8 19. Rd2 Nd8 20. c5 Qf6 21.
Qc4 Qe6 22. Ne3 Kg7 23. Rfd1 Qxc4 24. Nxc4 Nc6 25. Rd7 Kf6 26. a3 Ke6 27. Rxf7
Rxf7 28. Rd5 a5 29. f3 1/2-1/2

[Event "SA Championship"]
[Site "Adelaide"]
[Date "2009.03.17"]
[Round "6.5"]
[White "Juszczynski, Mathew"]
[Black "Kerr, Bill"]
[Result "1-0"]
[WhiteElo "1837"]
[BlackElo "1908"]
[PlyCount "71"]
[EventDate "2009.02.10"]
[EventType "tourn"]
[EventRounds "9"]
[EventCountry "AUS"]

1. e4 Nc6 2. d4 d5 3. e5 Bf5 4. Nf3 e6 5. Be2 h6 6. b3 Nb4 7. Na3 c5 8. c3 Nc6
9. O-O Qa5 10. dxc5 Qxc3 11. Be3 a6 12. Rc1 Qb2 13. Nc2 Nge7 14. Ncd4 Be4 15.
Nh4 g5 16. Nhf3 Bg7 17. Nxc6 Nxc6 18. Nd4 Bxe5 19. Nxc6 bxc6 20. Bh5 Ke7 21.
Kh1 Bf6 22. f3 Bh7 23. f4 gxf4 24. Rf2 fxe3 25. Rxb2 Bxb2 26. Qf3 Bf5 27. Rf1
Bd4 28. Qf4 Bxc5 29. Qc7+ Kf6 30. Qxf7+ Ke5 31. Qc7+ Bd6 32. Qg7+ Ke4 33. Bf3+
Kd3 34. Rd1+ Kc2 35. Qd4 Rab8 36. Qxe3 1-0

[Event "SA Championship"]
[Site "Adelaide"]
[Date "2009.03.24"]
[Round "7.1"]
[White "Kerr, Bill"]
[Black "Mdinaradze, Edgar"]
[Result "1-0"]
[WhiteElo "1908"]
[BlackElo "1896"]
[PlyCount "97"]

1. b3 c5 2. c4 Nc6 3. Bb2 Nf6 4. Nf3 d6 5. g3 e5 6. Bg2 Be7 7. O-O h5 8. h4 Bf5
9. Nc3 Qd7 10. Re1 Ng4 11. Nd5 f6 12. d3 g5 13. a3 Be6 14. e3 gxh4 15. Nxh4
O-O-O 16. b4 Rdg8 17. b5 Nd8 18. d4 Nf7 19. b6 a6 20. Nc7 Bd8 21. Qf3 Bxc7 22.
Qxb7+ Kd8 23. d5 Bxb6 24. Qxb6+ Qc7 25. Qxc7+ Kxc7 26. dxe6 Ng5 27. e7 Kd7 28.
Nf5 Nh6 29. Nxh6 Rxh6 30. Bd5 Rg7 31. Kf1 Kxe7 32. Ke2 h4 33. gxh4 Rxh4 34. Rh1
Rg4 35. Bc3 f5 36. Rab1 Ne4 37. Ba5 Kf6 38. Rb8 Kg5 39. Rbh8 Rd7 40. R1h5+ Kf6
41. Rf8+ Kg6 42. Rhxf5 Ng5 43. R5f6+ Kg7 44. Rf5 Nh7 45. Rg8+ Kh6 46. Rxg4 Rg7
47. Rxg7 Kxg7 48. Bc7 Kg6 49. Be4 1-0

[Event "SA Championship"]
[Site "Adelaide"]
[Date "2009.03.24"]
[Round "7.2"]
[White "Cloudsdale, Colin"]
[Black "Juszczynski, Mathew"]
[Result "1/2-1/2"]
[WhiteElo "1932"]
[BlackElo "1837"]
[PlyCount "79"]

1. e4 e5 2. Nf3 Nc6 3. Bb5 a6 4. Ba4 Nf6 5. O-O Be7 6. Re1 b5 7. Bb3 O-O 8. c3
d5 9. exd5 Nxd5 10. Nxe5 Nxe5 11. Rxe5 c6 12. d4 Bd6 13. Re1 Qh4 14. g3 Qh3 15.
Qf3 Bg4 16. Qg2 Qh5 17. Be3 Rae8 18. Nd2 Re6 19. Bd1 Bxd1 20. Raxd1 Rfe8 21.
Nf1 f5 22. Bd2 f4 23. g4 Qg6 24. Qf3 Nf6 25. Rxe6 Rxe6 26. Bxf4 Bxf4 27. Qxf4
Re4 28. Qf3 Rxg4+ 29. Ng3 h5 30. Kf1 Nd5 31. Nf5 Qg5 32. Ne3 Rf4 33. Qh3 Qf6
34. Rd2 Rh4 35. Nxd5 cxd5 36. Qg3 Rg4 37. Qe5 Qf3 38. Qe8+ Kh7 39. Qxh5+ Kg8
40. Qe8+ 1/2-1/2

[Event "SA Championship"]
[Site "Adelaide"]
[Date "2009.03.24"]
[Round "7.3"]
[White "Cowley, Robert"]
[Black "Zulfic, Fedja"]
[Result "1/2-1/2"]
[WhiteElo "1998"]
[BlackElo "1964"]
[PlyCount "112"]

1. e4 d5 2. exd5 Nf6 3. d4 Bg4 4. f3 Bf5 5. Bb5+ Nbd7 6. c4 e6 7. dxe6 Bxe6 8.
d5 Bf5 9. Be3 Bb4+ 10. Kf2 O-O 11. Bxd7 Nxd7 12. g4 Qh4+ 13. Kg2 Bg6 14. Bf2
Qf6 15. Bd4 Qh4 16. Bf2 Qe7 17. Nh3 f5 18. g5 f4 19. Nc3 Bf5 20. Rg1 Bd6 21.
Ne2 Bxh3+ 22. Kxh3 Ne5 23. Nd4 Nxc4 24. Ne6 Rfe8 25. Bd4 Ne3 26. Bxe3 fxe3 27.
Qd4 c6 28. Qxe3 cxd5 29. Rae1 b6 30. Qd3 Qf7 31. g6 Qf6 32. gxh7+ Kh8 33. Rg6
Qxb2 34. Re2 Qc1 35. Kg2 Qc4 36. Qxc4 dxc4 37. Rc2 Be5 38. Ng5 c3 39. Nf7+ Kxh7
40. Nxe5 Rxe5 41. Rc6 Rg5+ 42. Kf2 Rh5 43. Kg3 Rf8 44. R2xc3 Rf7 45. Ra3 Rhf5
46. h4 Rb5 47. Rc4 a5 48. Re3 Rb2 49. a4 Rb7 50. Re5 Rb3 51. Kg4 b5 52. axb5
R7xb5 53. Rxb5 Rxb5 54. f4 Rb1 55. Ra4 Rb5 56. Ra1 Rc5 1/2-1/2

[Event "SA Championship"]
[Site "Adelaide"]
[Date "2009.03.24"]
[Round "7.4"]
[White "Hoile, Robert"]
[Black "Milton, Anthony"]
[Result "0-1"]
[WhiteElo "1845"]
[BlackElo "1702"]
[PlyCount "114"]

1. d4 Nf6 2. c4 c5 3. d5 e6 4. Nc3 exd5 5. cxd5 d6 6. e4 g6 7. f4 Bg7 8. Nf3
O-O 9. Be2 Re8 10. Nd2 Na6 11. O-O Nc7 12. a4 a6 13. a5 Bd7 14. Bf3 Rb8 15. Re1
Bb5 16. e5 dxe5 17. fxe5 Nfxd5 18. Nxd5 Nxd5 19. Nb3 Bc6 20. e6 fxe6 21. Nxc5
Qf6 22. Ne4 Qd4+ 23. Qxd4 Bxd4+ 24. Kh1 Kg7 25. Rb1 Nb4 26. Be3 e5 27. Bxd4
exd4 28. Nc5 Bxf3 29. gxf3 Kf7 30. Ne4 Rbd8 31. Red1 Re5 32. Kg1 Rxa5 33. Rbc1
Nc6 34. Nc5 Rb5 35. Nd3 Ne5 36. Nxe5+ Rxe5 37. Rc7+ Re7 38. Rc4 Red7 39. Rd3 b5
40. Rc6 Rd6 41. Rc7+ R8d7 42. Rc8 Re7 43. Kf2 Kf6 44. b4 Kg5 45. Rf8 Ree6 46.
Kg3 Rf6 47. Re8 Rf5 48. Re4 Rfd5 49. Re7 Rc6 50. Ra7 Rdd6 51. f4+ Kf6 52. Rxh7
Rc4 53. Kf3 Rxb4 54. Ke4 a5 55. Ra7 a4 56. Ra8 Rb1 57. Rb8 b4 0-1

[Event "SA Championship"]
[Site "Adelaide"]
[Date "2009.03.24"]
[Round "7.5"]
[White "Sykes, Alexander"]
[Black "Searle, Zachary"]
[Result "1-0"]
[WhiteElo "1893"]
[BlackElo "1692"]
[PlyCount "31"]

1. d4 d5 2. c4 c6 3. Nf3 Nf6 4. Nc3 e6 5. Bg5 h6 6. Bxf6 Qxf6 7. Qb3 a5 8. e4
dxe4 9. Nxe4 Bb4+ 10. Kd1 Qd8 11. c5 Nd7 12. Kc2 b6 13. a3 Bxc5 14. dxc5 bxc5
15. Nd6+ Ke7 16. Nc4 1-0

[Event "SA Championship"]
[Site "Adelaide"]
[Date "2009.03.31"]
[Round "8.1"]
[White "Mdinaradze, Edgar"]
[Black "Searle, Zachary"]
[Result "1/2-1/2"]
[WhiteElo "1896"]
[BlackElo "1692"]
[PlyCount "146"]
[EventDate "2009.02.10"]
[EventType "tourn"]
[EventRounds "9"]
[EventCountry "AUS"]

1. e4 c5 2. Nf3 Nc6 3. d4 cxd4 4. Nxd4 Nf6 5. Nc3 e5 6. Ndb5 d6 7. Bg5 a6 8.
Na3 b5 9. Nd5 Be7 10. Bxf6 Bxf6 11. c3 O-O 12. Nc2 Bg5 13. a4 Rb8 14. axb5 axb5
15. Be2 Be6 16. O-O Bxd5 17. Qxd5 Ne7 18. Qb3 Qb6 19. Nb4 Ra8 20. Nd5 Nxd5 21.
Qxd5 Rab8 22. Rfd1 Rfd8 23. Ra3 Qc5 24. b4 Qxd5 25. Rxd5 Ra8 26. Rxa8 Rxa8 27.
Rxb5 g6 28. Ra5 Rc8 29. b5 Rxc3 30. b6 Rc1+ 31. Bf1 Rb1 32. Rb5 Rxb5 33. Bxb5
Bd8 34. b7 Bc7 35. Bc4 Kf8 36. Kf1 Ke7 37. Ke2 f5 38. f3 Bb8 39. Kd3 h6 40. Bb5
Kd8 41. Bc6 Ke7 42. Kc4 Kd8 43. Bd5 Ke7 44. Kb5 Kd8 45. Kb6 Ke7 46. Bc4 Kd8 47.
Be6 fxe4 48. fxe4 Ke7 49. Bd5 Kd8 50. Kc6 Ke7 51. Bc4 Kd8 52. Bf7 g5 53. Bh5
Ke7 54. Bg4 Kd8 55. Kd5 Ke7 56. Kc4 Bc7 57. Kd3 Bb8 58. Ke2 Kd8 59. h3 Kc7 60.
Bc8 h5 61. Kf3 Ba7 62. Kg3 Be3 63. h4 Bf4+ 64. Kh3 Be3 65. g3 Bd2 66. Kg2 gxh4
67. gxh4 Be1 68. Kh3 Bf2 69. b8=Q+ Kxb8 70. Be6 Kc7 71. Bf7 Kc6 72. Bxh5 d5 73.
Bf3 dxe4 1/2-1/2

[Event "SA Championship"]
[Site "Adelaide"]
[Date "2009.03.31"]
[Round "8.2"]
[White "Milton, Anthony"]
[Black "Sykes, Alexander"]
[Result "1/2-1/2"]
[WhiteElo "1702"]
[BlackElo "1893"]
[PlyCount "84"]
[EventDate "2009.02.10"]
[EventType "tourn"]
[EventRounds "9"]
[EventCountry "AUS"]

1. d4 Nf6 2. c4 g6 3. Nc3 d5 4. cxd5 Nxd5 5. e4 Nxc3 6. bxc3 Bg7 7. Nf3 c5 8.
Be3 O-O 9. Be2 b6 10. O-O Bb7 11. Qc2 cxd4 12. cxd4 Nd7 13. Nd2 Rc8 14. Qb3 Nb8
15. Rad1 Nc6 16. Nf3 Na5 17. Qd3 Nc4 18. Bc1 Nd6 19. Nd2 b5 20. f4 e6 21. Ba3
Re8 22. Bf3 Nc4 23. Nxc4 bxc4 24. Qc3 Qd7 25. g4 Red8 26. Bb2 Qd6 27. Bg2 Qb6
28. Rf2 a5 29. f5 exf5 30. gxf5 Qb4 31. fxg6 fxg6 32. a3 Qb3 33. Rc2 a4 34.
Rcc1 Kh8 35. Qxb3 axb3 36. e5 Bxg2 37. Kxg2 Bxe5 38. dxe5 Rxd1 39. Rxd1 c3 40.
Ba1 b2 41. Bxb2 cxb2 42. Rb1 Rb8 1/2-1/2

[Event "SA Championship"]
[Site "Adelaide"]
[Date "2009.03.31"]
[Round "8.3"]
[White "Zulfic, Fedja"]
[Black "Hoile, Robert"]
[Result "1-0"]
[WhiteElo "1964"]
[BlackElo "1845"]
[PlyCount "55"]
[EventDate "2009.02.10"]
[EventType "tourn"]
[EventRounds "9"]
[EventCountry "AUS"]

1. c4 e5 2. Nc3 Nf6 3. g3 d5 4. cxd5 Nxd5 5. Bg2 Nxc3 6. bxc3 Bd6 7. d3 c6 8.
Nf3 O-O 9. O-O Bg4 10. Ng5 Qc7 11. Qa4 Be6 12. Rb1 Nd7 13. f4 Nc5 14. Qc2 f6
15. fxe5 fxe5 16. e4 Bd7 17. Be3 h6 18. Nf3 b6 19. d4 exd4 20. cxd4 Ne6 21. e5
Be7 22. Rfc1 Rac8 23. Qg6 Rf7 24. d5 Nf8 25. Qd3 Bf5 26. Qb3 Qb8 27. e6 Rf6 28.
Bd4 1-0

[Event "SA Championship"]
[Site "Adelaide"]
[Date "2009.03.31"]
[Round "8.4"]
[White "Juszczynski, Mathew"]
[Black "Cowley, Robert"]
[Result "0-1"]
[WhiteElo "1837"]
[BlackElo "1998"]
[PlyCount "62"]
[EventDate "2009.02.10"]
[EventType "tourn"]
[EventRounds "9"]
[EventCountry "AUS"]

1. d4 Nf6 2. c4 c5 3. d5 d6 4. Nc3 g6 5. e4 Bg7 6. h3 e6 7. Nf3 exd5 8. cxd5
O-O 9. Bd3 a6 10. a4 Re8 11. O-O Nh5 12. Bg5 Bf6 13. Qd2 Nd7 14. h4 Qe7 15.
Rfe1 Ne5 16. Nxe5 Qxe5 17. a5 Bd7 18. Na4 Bxa4 19. Rxa4 Bxg5 20. hxg5 Nf4 21.
g3 Nxd3 22. Qxd3 Qxg5 23. b4 Rac8 24. bxc5 Rxc5 25. Rb1 Rc1+ 26. Kg2 Rec8 27.
Rab4 Qh5 28. Rxc1 Rxc1 29. f4 Qh1+ 30. Kf2 Qe1+ 31. Kg2 Qxb4 0-1

[Event "SA Championship"]
[Site "Adelaide"]
[Date "2009.03.31"]
[Round "8.5"]
[White "Kerr, Bill"]
[Black "Cloudsdale, Colin"]
[Result "0-1"]
[WhiteElo "1908"]
[BlackElo "1932"]
[PlyCount "88"]
[EventDate "2009.02.10"]
[EventType "tourn"]
[EventRounds "9"]
[EventCountry "AUS"]

1. c4 e5 2. Nc3 g6 3. g3 Bg7 4. Bg2 Nc6 5. Rb1 f5 6. d3 Nf6 7. Nf3 Qe7 8. O-O
Nd8 9. e4 fxe4 10. dxe4 d6 11. Nd5 Nxd5 12. cxd5 c5 13. dxc6 Nxc6 14. Be3 O-O
15. Qa4 Bg4 16. Nd2 Qd7 17. Rfc1 Bh3 18. Bxh3 Qxh3 19. Qc4+ Rf7 20. b4 Raf8 21.
Nf3 Bh6 22. Rc2 Kg7 23. Nh4 Bxe3 24. fxe3 Nxb4 25. Rg2 Nc6 26. Rd1 Rf6 27. a4
Qg4 28. Rdd2 Nd8 29. Qc1 Qxe4 30. Rdf2 Ne6 31. Rxf6 Rxf6 32. Rf2 Ng5 33. Qc7+
Nf7 34. Rxf6 Kxf6 35. Kf2 Qc6 36. Qa5 e4 37. g4 Qc5 38. Qd2 Ne5 39. Kg3 Nd3 40.
Qe2 Qe5+ 41. Kh3 Qb2 42. Qf1+ Qf2 43. Qa1+ Ne5 44. Qd4 Kg5 0-1

[Event "SA Championship"]
[Site "Adelaide"]
[Date "2009.04.07"]
[Round "9.1"]
[White "Cloudsdale, Colin"]
[Black "Mdinaradze, Edgar"]
[Result "1/2-1/2"]
[WhiteElo "1932"]
[BlackElo "1896"]
[PlyCount "150"]

1. e4 e5 2. Nf3 Nc6 3. Bb5 Nf6 4. O-O Be7 5. Re1 Nd4 6. Nxd4 exd4 7. e5 Nd5 8.
Qg4 O-O 9. Qxd4 Nb4 10. Na3 a6 11. Bf1 d5 12. c3 c5 13. Qe3 Nc6 14. d3 d4 15.
Qe2 b5 16. Bf4 Be6 17. c4 Rb8 18. b3 Qa5 19. Nb1 bxc4 20. dxc4 Rxb3 21. axb3
Qxa1 22. Nd2 Qa2 23. Qf3 Nb4 24. Ne4 Qa5 25. Bd2 Qb6 26. Qg3 Kh8 27. f4 Bf5 28.
Qf3 Qc6 29. Bxb4 cxb4 30. Bd3 a5 31. g4 Bc8 32. Qh3 g6 33. Ng3 Qf3 34. Qf1 Bxg4
35. Ra1 Qe3+ 36. Kg2 h5 37. Re1 Qd2+ 38. Kg1 Bh4 39. Be4 Qc3 40. Qf2 Rd8 41.
Bd5 Be6 42. Bxe6 fxe6 43. Rd1 a4 44. bxa4 b3 45. Qd2 Qc2 46. f5 Qxd2 47. Rxd2
Bg5 48. Rd1 gxf5 49. Ne2 b2 50. Rb1 d3 51. Nc3 Bc1 52. Kf1 f4 53. Nd1 Rb8 54.
a5 Kg7 55. a6 Ra8 56. Nxb2 Bxb2 57. Rxb2 Rxa6 58. Ke1 Kg6 59. Kd2 Kf5 60. Kxd3
h4 61. Kd4 Ra8 62. Rb6 Ra2 63. h3 Rd2+ 64. Kc3 Rd8 65. Rd6 Rc8 66. Kd4 f3 67.
Rd7 Kf4 68. Rf7+ Kg3 69. Ke3 Kxh3 70. Rxf3+ Kg4 71. Rf6 Rxc4 72. Rxe6 Kf5 73.
Re8 h3 74. Kf2 Rc2+ 75. Kg1 Re2 1/2-1/2

[Event "SA Championship"]
[Site "Adelaide"]
[Date "2009.04.07"]
[Round "9.2"]
[White "Cowley, Robert"]
[Black "Kerr, Bill"]
[Result "1/2-1/2"]
[WhiteElo "1998"]
[BlackElo "1908"]
[PlyCount "77"]

1. d4 Nc6 2. d5 Ne5 3. e4 e6 4. f4 Ng6 5. dxe6 fxe6 6. Nf3 Bc5 7. Nc3 Nh6 8.
Bd3 Ng4 9. Qe2 O-O 10. g3 Nf2 11. Rf1 Nxd3+ 12. Qxd3 a5 13. Be3 Qe7 14. Bxc5
Qxc5 15. O-O-O b5 16. e5 b4 17. Ne4 Qc6 18. Rfe1 Rd8 19. Nfg5 Nf8 20. Kb1 Bb7
21. Qd4 h6 22. Nh3 Qb5 23. Qc5 Qxc5 24. Nxc5 Bd5 25. Nf2 d6 26. exd6 cxd6 27.
Nce4 Rac8 28. f5 Bxa2+ 29. Kxa2 exf5 30. Nd2 Rxc2 31. Kb1 b3 32. Nd3 a4 33. Nf3
Kf7 34. Rd2 Rdc8 35. Rxc2 Rxc2 36. Rc1 Re2 37. Re1 Rc2 38. Rc1 Rg2 39. Rg1
1/2-1/2

[Event "SA Championship"]
[Site "Adelaide"]
[Date "2009.04.07"]
[Round "9.3"]
[White "Hoile, Robert"]
[Black "Juszczynski, Mathew"]
[Result "0-1"]
[WhiteElo "1845"]
[BlackElo "1837"]
[PlyCount "64"]

1. d4 Nf6 2. c4 c5 3. Nf3 cxd4 4. Nxd4 e5 5. Nb5 d5 6. cxd5 Bc5 7. N5c3 O-O 8.
e3 Nbd7 9. Be2 e4 10. O-O Ne5 11. Nd2 Bf5 12. Nb3 Bd6 13. Nd4 Bg4 14. f3 exf3
15. Nxf3 Qd7 16. e4 h6 17. h3 Bxh3 18. Nd4 Bg4 19. Nf5 Bxf5 20. Rxf5 Nxe4 21.
Nxe4 Qxf5 22. Nxd6 Qf6 23. Ne4 Qb6+ 24. Kh1 f5 25. Nc3 Rad8 26. Qg1 Qb4 27. Qe3
Qh4+ 28. Kg1 Ng4 29. Qd4 Qe1+ 30. Bf1 f4 31. Rb1 Qg3 32. Be2 f3 0-1

[Event "SA Championship"]
[Site "Adelaide"]
[Date "2009.04.07"]
[Round "9.4"]
[White "Sykes, Alexander"]
[Black "Zulfic, Fedja"]
[Result "1/2-1/2"]
[WhiteElo "1893"]
[BlackElo "1964"]
[PlyCount "37"]

1. d4 Nf6 2. c4 g6 3. Nc3 d5 4. cxd5 Nxd5 5. e4 Nxc3 6. bxc3 Bg7 7. Qb3 c5 8.
d5 O-O 9. Bg5 Qa5 10. Rc1 e6 11. Bc4 exd5 12. Bxd5 Nc6 13. Ne2 Ne5 14. O-O c4
15. Qc2 Nd3 16. Rcd1 Be6 17. Nf4 Nxf4 18. Bxf4 Bxd5 19. Rxd5 1/2-1/2

[Event "SA Championship"]
[Site "Adelaide"]
[Date "2009.04.07"]
[Round "9.5"]
[White "Searle, Zachary"]
[Black "Milton, Anthony"]
[Result "1-0"]
[WhiteElo "1692"]
[BlackElo "1702"]
[PlyCount "135"]

1. e4 c5 2. Nf3 d6 3. d4 cxd4 4. Nxd4 Nf6 5. Nc3 g6 6. Be3 Bg7 7. f3 Nc6 8. Qd2
O-O 9. Bc4 Bd7 10. O-O-O Rc8 11. Bb3 a6 12. Nxc6 Rxc6 13. Bh6 b5 14. Bxg7 Kxg7
15. g4 b4 16. Ne2 Qa5 17. Kb1 Rc5 18. h4 h5 19. gxh5 Nxh5 20. Nf4 Ba4 21. Nd5
Bxb3 22. cxb3 e6 23. Nxb4 Rb8 24. Nd3 Qxd2 25. Rxd2 Rcb5 26. Ne1 d5 27. exd5
exd5 28. Ng2 Rd8 29. Rhd1 f5 30. Rc1 Rb6 31. Rc7+ Kf6 32. Ne3 Rbd6 33. Rd4 Ke5
34. Ra4 Re6 35. Rc5 f4 36. Nc2 Ng7 37. Nd4 Rb6 38. Nc6+ Kd6 39. Nxd8 Kxc5 40.
Rxf4 Rb8 41. Rf7 Nf5 42. Ne6+ Kd6 43. Nf4 Nxh4 44. Nd3 Ke6 45. Ra7 Nxf3 46.
Rxa6+ Kf5 47. Rd6 d4 48. b4 g5 49. Kc2 Rc8+ 50. Kd1 g4 51. Ne1 Re8 52. Ng2 g3
53. Rd7 Kg4 54. Rg7+ Ng5 55. b5 Rf8 56. b6 Rf1+ 57. Kc2 Rf2+ 58. Kb3 d3 59. b7
Rf8 60. Kc3 Rd8 61. Kd2 Kf5 62. Rd7 Ne4+ 63. Ke3 Re8 64. Rd5+ Kg4 65. Kxd3 Nf2+
66. Kd4 Kh3 67. Ne3 Ng4 68. Rh5# 1-0